| 000 | 00513 a2200145 4500 | ||
|---|---|---|---|
| 999 |
_c4445 _d4445 |
||
| 020 | _a0113501099 | ||
| 050 | _aLB2900.5 | ||
| 110 | _aGreat Britain. Office for Standards in Education. | ||
| 245 | _aHandbook for inspecting primary and nursery schools with guidance on self-evaluation [effective from January 2000] / | ||
| 264 |
_aLondon: _bThe Stationery Office, _c1999 |
||
| 300 | _a200p. : | ||
| 500 | _aincludes index | ||
| 650 | _aEducation, Preschool -- Government policy. | ||
| 942 |
_2lcc _cBK _h2900.5 _iHAN _kLB |
||